ISC Accountancy Including Project Work/ (Record no. 175096)

MARC details
000 -LEADER
fixed length control field 00589nam a22001817a 4500
005 - DATE AND TIME OF LATEST TRANSACTION
control field 20200807105910.0
010 ## - LCCN (DPL NO)
LC control number ENG-128319
020 ## - INTERNATIONAL STANDARD BOOK NUMBER
Terms of availability 685.00
International Standard Book Number 9789352838417
035 ## - SYSTEM CONTROL NUMBER
System control number EN-111851
037 ## - SOURCE OF ACQUISITION
Source of stock number/acquisition DBAD/PUB
082 ## - DEWEY DECIMAL CLASSIFICATION NUMBER
Classification number 657
100 ## - MAIN ENTRY--PERSONAL NAME
Personal name Wason,V
245 ## - TITLE STATEMENT
Title ISC Accountancy Including Project Work/
Statement of responsibility, etc by V.Wason ,Pankhuri Wason
260 ## - PUBLICATION, DISTRIBUTION, ETC. (IMPRINT)
Place of publication, distribution, etc New Delhi
Name of publisher, distributor, etc S.Chand
Date of publication, distribution, etc 2020
270 ## - ADDRESS
Address Head Office:7361,Ram Nagar,Qutab Rord
City New Delhi
Postal code 110055
Telephone number 23672080
Fax number 91-11-23677446
Electronic mail address info@schandpublishing.com
300 ## - PHYSICAL DESCRIPTION
Extent xiv;968p.
Dimensions 24cm(pbk)
942 ## - ADDED ENTRY ELEMENTS (KOHA)
Source of classification or shelving scheme Dewey Decimal Classification
Item type English Books
Classification part 657
Call number suffix WAS
Holdings
Withdrawn status Lost status Not for loan Collection code Home library Current library Date acquired Source of acquisition Cost, normal purchase price Full call number Barcode Copy number Cost, replacement price Koha item type
      Non-fiction Ashok Vihar Ashok Vihar 07/08/2020 DBAD/PUB 685.00 657 WAS EN-111851 1 685.00 English Books

© Delhi Public Library
Hit Counter
free hit counter